Nájomné a ďalšie výdavky platené nájomcom ako daňový náklad pri operatívnom a finančnom leasingu
Zahrnutie nájomného do daňových nákladov. Splátky z nájomného. Podmienky pre zahrnutie nájomného za finančný leasing a operatívny leasing do daňových nákladov. Doba odpisovania podľa odpisových skupín a minimálnej doby trvania leasingu. Zahrnutie nájomného za osobné automobily do nákladov po 1.4.199...
Guardado en:
| Autor principal: | |
|---|---|
| Formato: | Capítulo de libro |
| Lenguaje: | eslovaco |
| Materias: | |
| Etiquetas: |
Sin Etiquetas, Sea el primero en etiquetar este registro!
|
MARC
| LEADER | 00000naa a2200000 4500 | ||
|---|---|---|---|
| 001 | r018895 | ||
| 005 | 20221205102331.2 | ||
| 041 | 0 | |a slo | |
| 044 | |a SK | ||
| 245 | 1 | 0 | |a Nájomné a ďalšie výdavky platené nájomcom ako daňový náklad pri operatívnom a finančnom leasingu |c Imrich Fekete |
| 520 | |a Zahrnutie nájomného do daňových nákladov. Splátky z nájomného. Podmienky pre zahrnutie nájomného za finančný leasing a operatívny leasing do daňových nákladov. Doba odpisovania podľa odpisových skupín a minimálnej doby trvania leasingu. Zahrnutie nájomného za osobné automobily do nákladov po 1.4.1995. | ||
| 610 | 2 | 0 | |a nájomné |
| 610 | 2 | 0 | |a výdavky |
| 610 | 2 | 0 | |a lízing |
| 610 | 2 | 0 | |a dane |
| 610 | 2 | 0 | |a náklady |
| 610 | 2 | 0 | |a odpisy |
| 610 | 2 | 0 | |a automobily osobné |
| 610 | 2 | 0 | |a lízing finančný |
| 610 | 2 | 0 | |a lízing operatívny |
| 100 | 1 | |a Fekete, Imrich | |